|
|
|
|
| LEADER |
00000cam a2200000 a 4500 |
| 001 |
vtls001305033 |
| 003 |
SK-MaSNL |
| 005 |
20260301004940.0 |
| 008 |
240702s1997 xo jf 0000f slo |
| 015 |
|
|
|a SNBK1997/0301393
|
| 020 |
|
|
|a 8080470960
|
| 035 |
|
|
|a SNK000257251
|
| 040 |
|
|
|a SNK
|b slo
|c SNK
|e AACR2
|
| 041 |
1 |
|
|a slo
|h swe
|
| 044 |
|
|
|a xo
|c SK
|
| 072 |
|
7 |
|a 821.11
|x Germánske literatúry
|2 konspekt
|
| 072 |
|
7 |
|a 821-93
|x Literatúra pre deti a mládež (beletria)
|2 konspekt
|
| 080 |
|
|
|a 839.7-3(087.5)(02.056.262)
|2 1981
|
| 080 |
|
|
|a 82-93-053.4/.5
|2 2011
|
| 080 |
|
|
|a 821.113.6-31
|2 2011
|
| 080 |
|
|
|a (0:003.24)
|2 2011
|
| 100 |
1 |
|
|a Jacobsson, Anders,
|d 1963-
|4 aut
|9 108404
|
| 245 |
1 |
0 |
|a Bertove patálie
|h slepecká tlač
|n Zv. 1-2
|c Anders Jacobsson, Sören Olsson
|
| 260 |
|
|
|a Levoča
|b Ústredná knižnica pre nevidiacich Mateja Hrebendu
|c 1997
|
| 300 |
|
|
|a 2 zv. [95, 95] s.
|c 27x29 cm
|
| 500 |
|
|
|a Údaje o zodp. prevzaté z tiráže
|
| 500 |
|
|
|a Pravdepodobne preložené zo švédčiny
|
| 655 |
|
7 |
|a literatúra pre deti
|2 SNKPH
|9 87135
|
| 655 |
|
7 |
|a švédske romány
|2 SNKPH
|9 70708
|
| 655 |
|
7 |
|a chlapčenské romany
|2 SNKPH
|9 276906
|
| 655 |
|
7 |
|a publikácie pre nevidiacich
|2 SNKPH
|9 70695
|
| 655 |
|
7 |
|a publikácie v Braillovom písme
|2 SNKPH
|9 222610
|
| 700 |
1 |
|
|a Olsson, Sören,
|d 1964-
|4 aut
|9 108405
|
| 852 |
|
|
|a Slovenská národná knižnica
|
| 919 |
|
|
|a 80-8047-096-0
|
| 954 |
|
|
|a beletria cudzojazyčná (svetová)
|2 lita
|
| 958 |
|
|
|a SX
|
| 958 |
|
|
|a LX
|
| 958 |
|
|
|a DB
|
| 958 |
|
|
|a SE
|
| 958 |
|
|
|a KST
|
| 999 |
|
|
|c 543778
|d 545708
|
| 952 |
|
|
|t P60, <03>, [BOOK], {603}
|a SNK
|b SNK
|y PREZ
|7 0
|p 17A0100492
|o snkOSB 11589/1
|i snkKSP 10419/97
|0 0
|1 0
|4 0
|d 1997-10-07
|l 0
|r 2005-01-02 00:00:00
|w 2026-02-23
|
| 952 |
|
|
|t P60, <03>, [BOOK], {603}
|a SNK
|b SNK
|y PREZ
|7 0
|p 17A0100493
|o snkOSB 11589/2
|i snkKSP 10420/97
|0 0
|1 0
|4 0
|d 1997-10-07
|l 0
|r 2005-01-02 00:00:00
|w 2026-02-23
|